Paesi più Vicini all'Africa - Statistics

Statistiche generali
  • Questo quiz è stato fatto 4.337 volte
  • Il punteggio medio è 17 su 20
Statistiche sulle risposte
km paese miglia % Corretto
71 Italia 44
99%
0 Spagna 0
99%
258 Grecia 160
94%
101 Arabia Saudita 63
93%
507 Turchia 315
93%
450 Francia 280
91%
183 Israele 114
91%
288 Malta 179
91%
202 Portogallo 126
91%
352 Cipro 219
87%
20 Yemen 13
87%
570 Oman 354
85%
365 Siria 227
82%
212 Giordania 132
81%
332 Libano 207
80%
645 Iraq 401
78%
549 Città del Vaticano 341
65%
21 Regno Unito (Gibilterra) 13
59%
637 Andorra 396
54%
735 Monaco 457
51%
Nessun quiz corrispondente trovato
Distribuzione punteggi
Percentuale di utenti per punteggio
Percentile per numero di risposta
I tuoi punteggi nel tempo
Non hai fatto questo quiz